El desarrollo del tacto pedagógico: o la otra formación del educador
Salvato in:
| Autore principale: | |
|---|---|
| Natura: | Libro |
| Lingua: | spagnolo |
| Pubblicazione: |
Barcelona
Graó
2010
|
| Edizione: | 1a. ed |
| Serie: | Colección Crítica y Fundamentos, 30
|
| Soggetti: | |
| Tags: |
Aggiungi Tag
Nessun Tag, puoi essere il primo ad aggiungerne!!
|
MARC
| LEADER | 00000cam a2200000 a 4500 | ||
|---|---|---|---|
| 001 | UCG4535 | ||
| 003 | CL-VaPUC | ||
| 008 | 101111e20100400SP |||||||||||||||||spa|d | ||
| 020 | |a 9788478279036 | ||
| 082 | 0 | 4 | |a 371.11 |b ASE |2 21 |
| 100 | |a Asensio Aguilera, Josep María |e author |9 553859 | ||
| 245 | 1 | 3 | |a El desarrollo del tacto pedagógico: o la otra formación del educador |
| 250 | |a 1a. ed | ||
| 300 | |a 185 p | ||
| 942 | |c BK | ||
| 945 | |d 20101111 00:00:00 |a mfarfan | ||
| 260 | |a Barcelona |b Graó |c 2010 | ||
| 650 | 0 | |a Docentes |9 311365 | |
| 650 | 0 | |a Formación profesional |9 257232 | |
| 583 | |a last modification |c 20110902 11:34:35 |k Rodrigo Vera | ||
| 490 | 0 | |a Colección Crítica y Fundamentos, 30 | |
| 999 | |c 343233 |d 343231 | ||
| 952 | |0 0 |1 0 |4 0 |6 371_110000000000000_ASE_2010 |7 0 |8 A |9 440361 |a BIBEDU |b BIBEDU |d 2019-11-22 |i 4732618 |o 371.11 ASE 2010 |p 4732618 |r 2019-11-22 |w 2019-11-22 |y BK |k EPE | ||
| 952 | |0 0 |1 0 |4 0 |6 371_110000000000000_ASE_2010 |7 0 |8 A |9 440362 |a BIBEDU |b BIBEDU |d 2019-11-22 |i 4740734 |l 1 |o 371.11 ASE 2010 |p 4740734 |r 2023-05-03 |s 2023-04-28 |w 2019-11-22 |y BK |k EFI | ||
| 952 | |0 0 |1 0 |4 0 |6 371_110000000000000_ASE_2010 |7 0 |8 A |9 440363 |a BIBEDU |b BIBEDU |d 2019-11-22 |i 4789881 |o 371.11 ASE 2010 |p 4789881 |r 2019-11-22 |w 2019-11-22 |y BK |k EPE | ||